| 000 | 01005nam0a22002531 4500 | ||
|---|---|---|---|
| 001 | rc\907177 | ||
| 005 | 20260407124121.0 | ||
| 035 | _a(NLR Aleph) 006082173 | ||
| 090 |
_a5097625 _c5097625 |
||
| 100 | _a20041129d1984 |||y0rusy50 ca | ||
| 101 | 0 | _arus | |
| 102 | _aRU | ||
| 105 | _ay ||||||||| | ||
| 200 | 1 |
_aФизиологические исследования на производстве в разработках по охране, организации и гигиене труда _eМетод. рекомендации _fВНИИ охраны труда _g[Сост. К.М. Смирнов] |
|
| 210 |
_aЛ. _cВНИИ охраны труда _d1984 |
||
| 215 |
_a65 с. _d22 |
||
| 320 | _aБиблиогр.: с. 63-64 (46 назв.) | ||
| 702 | 1 |
_aСмирнов _bК.М. _4220 |
|
| 712 | 0 | 2 |
_aВНИИ охраны труда _cЛенинград _3RU\NLR\AUTH\889964950 _9426110 |
| 801 | 0 |
_aRU _bNLR _gpsbo |
|
| 801 | 1 |
_aRU _bELAR _2rusmarc |
|
| 852 |
_aNLR _j85-6/1684 |
||
| 942 | _cBOOK | ||
| 980 | _aNB | ||